000 00624nam a22002177a 4500
003 UA-OsUOA
001 131812
007 ta
008 20180618b un ||||| |||| 00| 0 ukr d
100 _aМацук З. А.
090 _a330(477)
_bМ36
942 _cSA
040 _aUA-OsUOA
_bukr
_cUA-OsUOA
_dUA-OsUOA
245 _aАрхітектоніка інфраструктури ринку цінних паперів
300 _aС.94-110
955 _a0
041 _aukr
080 _a330(477)
773 0 _w131806
_tФінанси України
_dК.
_d2018
_g5
650 7 _a330 Економіка взагалі
_2UDC
999 _c420213
_d420213